=LDR 00000nam 2200000 4500 =001 INLIS000000000026193 =005 20130612124641 =008 ***********************************ind** =035 ##$$0010-061300000026193 =041 ##$$a ind =082 ##$$a 2x5.2 =090 ##$$a 2x5.2, RAK m =100 ##$$a Rakhmat, Jalaluddin =245 ##$$a Membuka tirai kegaiban, Renungan-renungan Sufistik, Jalaluddin Rakhmat =260 ##$$a 1994 $b Bandung =300 ##$$a 317 hlm., 23 cm =650 ##$$a Islam =650 ##$$a Sufi =850 ##$$a NBPNMAT